[Event "SVK-chT1W 1819"]
[Site "Slovakia"]
[Date "2018.11.24"]
[Round "3.7"]
[White "Sarmir, Milos"]
[Black "Kincel, Frantisek"]
[Result "1-0"]
[WhiteElo "2090"]
[BlackElo "1793"]
[PlyCount "57"]
[EventDate "2018.10.27"]
[EventType "team-tourn"]
[EventRounds "11"]
[EventCountry "SVK"]
[SourceTitle "CBM 187 Extra"]
[Source "ChessBase"]
[SourceDate "2018.11.04"]
[SourceVersion "1"]
[SourceVersionDate "2018.11.04"]
[SourceQuality "1"]
[WhiteTeam "Gabcikovo MSK"]
[BlackTeam "Trnava Sered"]
[WhiteTeamCountry "SVK"]
[BlackTeamCountry "SVK"]

1. e4 b6 2. d4 Bb7 3. Bd3 e6 4. Nf3 Nf6 5. Qe2 c5 6. 0-0 cxd4 7. Nxd4 Nc6 8. c3 Be7 9. Nd2 0-0 10. N2f3 d6 11. b3 Nd7 12. Nxc6 Bxc6 13. Bb2 Bf6 14. Rad1 Qc7 15. Nd4 Rad8 16. f4 g6 17. f5 exf5 18. Nxc6 Qxc6 19. exf5 Qc5+ 20. Kh1 Rde8 21. Qd2 g5 22. Bb1 Be7 23. f6 Nxf6 24. Rf5 Qc8 25. Qxg5+ Kh8 26. Rxf6 Rg8 27. Qh5 Rg7 28. Rh6 Qg4 29. Rxh7+ 1-0

[Event "SVK-chT4 A22 1718"]
[Site "Slovakia"]
[Date "2018.03.18"]
[Round "11.2"]
[White "Matis, Tibor"]
[Black "Kincel, Frantisek"]
[Result "1-0"]
[WhiteElo "1908"]
[BlackElo "1832"]
[PlyCount "100"]
[EventDate "2017.10.01"]
[EventType "team-tourn"]
[EventRounds "11"]
[EventCountry "SVK"]
[SourceTitle "EXT 2020"]
[Source "ChessBase"]
[SourceDate "2019.10.17"]
[SourceVersion "1"]
[SourceVersionDate "2019.10.17"]
[SourceQuality "1"]

1. e4 c5 2. Nf3 Nc6 3. d4 cxd4 4. Nxd4 d6 5. Nc3 a6 6. Be3 e6 7. f4 Bd7 8. g4 Be7 9. g5 e5 10. Nxc6 Bxc6 11. h4 f5 12. Nd5 fxe4 13. Bb6 Qc8 14. Bh3 Bd7 15. Nc7+ Kf8 16. Bxd7 Qxd7 17. Nxa8 exf4 18. Qd4 h6 19. 0-0-0 hxg5 20. hxg5 Rxh1 21. Rxh1 Bxg5 22. Qxe4 Nf6 23. Rh8+ Kf7 24. Qc4+ Kg6 25. Nc7 Qg4 26. Ne6 f3+ 27. Nf4+ Bxf4+ 28. Kb1 Kg5 29. Rh1 Bg3 30. Be3+ Kf5 31. Qc3 Qe4 32. a3 Be5 33. Qc8+ Kg6 34. Rg1+ Kf7 35. Qc7+ Ke6 36. Qc8+ Nd7 37. Bf2 Qf5 38. Qg8+ Qf7 39. Qh7 Kd5 40. Qd3+ Kc6 41. Rg4 d5 42. b4 Nb6 43. b5+ Kc7 44. bxa6 bxa6 45. Qxa6 Qe6 46. Rb4 d4 47. Qa7+ Kd8 48. Rxb6 Qc8 49. Bh4+ Bf6 50. Rxf6 gxf6 1-0

[Event "SVK-chT4 A22 1718"]
[Site "Slovakia"]
[Date "2017.11.26"]
[Round "5.3"]
[White "Szocs, Ladislav"]
[Black "Kincel, Frantisek"]
[Result "1-0"]
[WhiteElo "1833"]
[BlackElo "1832"]
[PlyCount "157"]
[EventDate "2017.10.01"]
[EventType "team-tourn"]
[EventRounds "11"]
[EventCountry "SVK"]
[SourceTitle "EXT 2020"]
[Source "ChessBase"]
[SourceDate "2019.10.17"]
[SourceVersion "1"]
[SourceVersionDate "2019.10.17"]
[SourceQuality "1"]

1. e4 c5 2. d4 cxd4 3. c3 dxc3 4. Nxc3 Nc6 5. Nf3 e6 6. Bc4 Bb4 7. 0-0 Bxc3 8. bxc3 Nge7 9. Qe2 0-0 10. Rd1 Qc7 11. Rb1 Ne5 12. Nxe5 Qxe5 13. f4 Qc7 14. Ba3 Re8 15. Bd6 Qd8 16. Qg4 a6 17. f5 exf5 18. exf5 Nc6 19. Re1 Rf8 20. Bxf8 Qxf8 21. Qe4 b5 22. Bd5 Bb7 23. a4 h6 24. axb5 Qc5+ 25. Kf1 axb5 26. c4 b4 27. Ra1 Rb8 28. Qe3 Qd6 29. Kg1 Nd8 30. Qe8+ Kh7 31. Bxf7 Nxf7 32. Qxf7 Rf8 33. Qg6+ Qxg6 34. fxg6+ Kxg6 35. Rab1 Bc6 36. Rxb4 Rf4 37. g3 Rd4 38. Kf2 Kf6 39. Reb1 Rd2+ 40. Ke3 Rxh2 41. Rf1+ Kg6 42. c5 Rh5 43. Rg4+ Rg5 44. Kf4 Rxg4+ 45. Kxg4 Bb5 46. Rf2 Bc6 47. Rd2 Kf7 48. Rd6 Ke7 49. Kf4 Kf7 50. Ke5 Ba4 51. Rd4 Bc6 52. Rf4+ Ke7 53. Rg4 Kf7 54. Kd6 g5 55. Ke5 Kg6 56. Rd4 Kh5 57. Kf6 Bb5 58. Ke7 Bc6 59. Rxd7 Bxd7 60. Kxd7 Kg4 61. c6 Kxg3 62. c7 h5 63. c8Q g4 64. Ke6 h4 65. Kf5 h3 66. Qc6 h2 67. Qh1 Kh3 68. Qf1+ Kg3 69. Qf4+ Kg2 70. Qe4+ Kf2 71. Qf4+ Kg2 72. Qe4+ Kg1 73. Qxg4+ Kf2 74. Qh3 Kg1 75. Qg3+ Kh1 76. Qh4 Kg2 77. Qg5+ Kh1 78. Kg4 Kg1 79. Kg3 1-0

[Event "SVK-chT4 A22 1718"]
[Site "Slovakia"]
[Date "2017.10.01"]
[Round "1.5"]
[White "Bango, Dominik"]
[Black "Kincel, Frantisek"]
[Result "1-0"]
[WhiteElo "1779"]
[BlackElo "1832"]
[PlyCount "65"]
[EventDate "2017.10.01"]
[EventType "team-tourn"]
[EventRounds "11"]
[EventCountry "SVK"]
[SourceTitle "EXT 2020"]
[Source "ChessBase"]
[SourceDate "2019.10.17"]
[SourceVersion "1"]
[SourceVersionDate "2019.10.17"]
[SourceQuality "1"]

1. e4 Nf6 2. Nc3 e5 3. Bc4 Bb4 4. d3 h6 5. Bd2 c6 6. Nf3 d6 7. a3 Ba5 8. b4 Bb6 9. a4 Bg4 10. Be3 Nbd7 11. h3 Bh5 12. g4 Bxe3 13. fxe3 Bg6 14. Nh4 Qe7 15. Nf5 Bxf5 16. gxf5 d5 17. exd5 Qxb4 18. Qd2 Qc5 19. Rb1 Nb6 20. Ba2 Nfxd5 21. Nxd5 Nxd5 22. Rxb7 Nxe3 23. Bxf7+ Kd8 24. Bb3 Nxf5 25. Rf1 g6 26. Qg2 Qd6 27. Rxf5 gxf5 28. Qg7 Re8 29. Bf7 Rb8 30. Rxa7 Qb4+ 31. Ke2 e4 32. Qf6+ Re7 33. Qh8+ 1-0

[Event "SVK-chT3A2 1516"]
[Site "Slovakia"]
[Date "2015.11.15"]
[Round "3.4"]
[White "Rau, Vladimir"]
[Black "Kincel, Frantisek"]
[Result "1/2-1/2"]
[WhiteElo "1508"]
[BlackElo "1867"]
[PlyCount "83"]
[EventDate "2015.10.11"]
[EventType "team-tourn"]
[EventRounds "11"]
[EventCountry "SVK"]
[SourceTitle "EXT 2020"]
[Source "ChessBase"]
[SourceDate "2019.10.17"]
[SourceVersion "1"]
[SourceVersionDate "2019.10.17"]
[SourceQuality "1"]
[WhiteTeam "Modranka Komplet"]
[BlackTeam "Sered MSK"]
[WhiteTeamCountry "SVK"]
[BlackTeamCountry "SVK"]

1. d4 Nf6 2. c4 e6 3. Nc3 Bb4 4. Bd2 0-0 5. Nf3 b6 6. g3 Bb7 7. Bg2 c5 8. e3 d6 9. 0-0 Nbd7 10. a3 Bxc3 11. Bxc3 Rc8 12. dxc5 dxc5 13. Qc2 Be4 14. Qe2 Qe7 15. Rfd1 Rfd8 16. Rd2 Nf8 17. Rad1 Rxd2 18. Rxd2 Rd8 19. b4 Rxd2 20. Qxd2 Qb7 21. Bxf6 Bxf3 22. Bxf3 Qxf3 23. Be7 Qa8 24. bxc5 bxc5 25. Bxc5 f6 26. Qd6 Qc8 27. Bb4 Ng6 28. c5 Ne5 29. f4 Nc6 30. Kf2 Kf7 31. g4 Qb7 32. Qd2 Ne7 33. Qd6 Qh1 34. Kg3 Qg1+ 35. Kf3 Qxh2 36. c6 Qh1+ 37. Kf2 Nxc6 38. Qf8+ Kg6 39. Qe8+ Kh6 40. g5+ fxg5 41. Qxe6+ Kh5 42. Qf7+ 1/2-1/2

[Event "SVK-chT4 A22 1314"]
[Site "Slovakia"]
[Date "2014.02.09"]
[Round "8.4"]
[White "Takacs, Laszlo"]
[Black "Kincel, Frantisek"]
[Result "1-0"]
[WhiteElo "2130"]
[BlackElo "1840"]
[PlyCount "79"]
[EventDate "2013.10.06"]
[EventType "team-tourn"]
[EventRounds "11"]
[EventCountry "SVK"]
[SourceTitle "EXT 2015"]
[Source "ChessBase"]
[SourceDate "2014.11.20"]
[SourceVersion "1"]
[SourceVersionDate "2014.11.20"]
[SourceQuality "1"]
[WhiteTeam "Dunajska Streda SK III"]
[BlackTeam "Sered MSK"]
[WhiteTeamCountry "SVK"]
[BlackTeamCountry "SVK"]

1. e4 e5 2. Nf3 Nf6 3. Nxe5 d6 4. Nf3 Nxe4 5. d4 d5 6. Bd3 Be7 7. 0-0 0-0 8. Re1 Nf6 9. Bf4 Bg4 10. c3 Nbd7 11. Nbd2 c5 12. h3 Bh5 13. Nf1 cxd4 14. cxd4 Bb4 15. Re3 Re8 16. Ng3 Rxe3 17. fxe3 Qb6 18. Nxh5 Nxh5 19. Bh2 g6 20. Qa4 Nhf6 21. Bb5 Bd6 22. Bxd7 Bxh2+ 23. Kxh2 Qd6+ 24. Ne5 Ne4 25. Kg1 Rd8 26. Bb5 a6 27. Bd3 Ng5 28. Rf1 f6 29. h4 fxe5 30. hxg5 e4 31. Be2 Qg3 32. Qb3 Qxg5 33. Qc3 h5 34. Bd1 Kg7 35. Qc7+ Kh6 36. Qf4 b5 37. Qxg5+ Kxg5 38. Bb3 Rd6 39. Rc1 Kg4 40. Rc5 1-0

[Event "SVK-chT4 A22 1314"]
[Site "Slovakia"]
[Date "2013.11.03"]
[Round "3.6"]
[White "Kincel, Frantisek"]
[Black "Sarmir, Milos"]
[Result "0-1"]
[WhiteElo "1840"]
[BlackElo "2075"]
[PlyCount "60"]
[EventDate "2013.10.06"]
[EventType "team-tourn"]
[EventRounds "11"]
[EventCountry "SVK"]
[SourceTitle "EXT 2015"]
[Source "ChessBase"]
[SourceDate "2014.11.20"]
[SourceVersion "1"]
[SourceVersionDate "2014.11.20"]
[SourceQuality "1"]
[WhiteTeam "Sered MSK"]
[BlackTeam "Cifer II"]
[WhiteTeamCountry "SVK"]
[BlackTeamCountry "SVK"]

1. Nf3 d5 2. e3 Nf6 3. b3 e6 4. Bb2 Be7 5. Ne5 0-0 6. Be2 Nbd7 7. 0-0 Nxe5 8. Bxe5 Bd6 9. f4 c5 10. Bxd6 Qxd6 11. d4 Ne4 12. Qd3 b6 13. Nd2 Nxd2 14. Qxd2 Bb7 15. c3 Rac8 16. Rac1 f6 17. Bf3 cxd4 18. exd4 Rc7 19. g3 a5 20. Rfe1 Re7 21. Re3 e5 22. dxe5 fxe5 23. fxe5 Rxe5 24. Rxe5 Qxe5 25. Re1 Qd6 26. Kg2 Bc6 27. Rd1 d4 28. Rf1 Rxf3 29. Rxf3 Qf6 30. cxd4 Qxf3+ 0-1

[Event "SVK-chT4 A22 1213"]
[Site "Slovakia"]
[Date "2013.03.17"]
[Round "11.2"]
[White "Kincel, Frantisek"]
[Black "Turczi, Arpad Matyas"]
[Result "1-0"]
[WhiteElo "1798"]
[BlackElo "1273"]
[PlyCount "31"]
[EventDate "2012.10.14"]
[EventType "team-tourn"]
[EventRounds "11"]
[EventCountry "SVK"]
[SourceTitle "EXT 2015"]
[Source "ChessBase"]
[SourceDate "2014.11.20"]
[SourceVersion "1"]
[SourceVersionDate "2014.11.20"]
[SourceQuality "1"]
[WhiteTeam "Sered MSK"]
[BlackTeam "Dunajska Streda SK III"]
[WhiteTeamCountry "SVK"]
[BlackTeamCountry "SVK"]

1. Nf3 d5 2. e3 Nf6 3. b3 c6 4. Bb2 e6 5. Ne5 Be7 6. Bd3 0-0 7. 0-0 Bd7 8. f4 Bd6 9. Rf3 h6 10. Rh3 Re8 11. Qf3 b5 12. Qg3 Ne4 13. Bxe4 dxe4 14. Rxh6 f6 15. Nxc6 Nxc6 16. Bxf6 1-0

[Event "SVK-chT4 A22 1213"]
[Site "Slovakia"]
[Date "2013.01.06"]
[Round "6.2"]
[White "Both, Lajos"]
[Black "Kincel, Frantisek"]
[Result "0-1"]
[WhiteElo "1820"]
[BlackElo "1798"]
[PlyCount "114"]
[EventDate "2012.10.14"]
[EventType "team-tourn"]
[EventRounds "11"]
[EventCountry "SVK"]
[SourceTitle "EXT 2015"]
[Source "ChessBase"]
[SourceDate "2014.11.20"]
[SourceVersion "1"]
[SourceVersionDate "2014.11.20"]
[SourceQuality "1"]
[WhiteTeam "Potonska Veza II"]
[BlackTeam "Sered MSK"]
[WhiteTeamCountry "SVK"]
[BlackTeamCountry "SVK"]

1. e4 e5 2. Nc3 Nf6 3. Bc4 Nc6 4. d3 h6 5. Nf3 Bb4 6. Bd2 d6 7. h3 a6 8. 0-0 Na5 9. Bb3 Nxb3 10. axb3 0-0 11. Be3 Bxc3 12. bxc3 b6 13. c4 Bb7 14. Qd2 Nh7 15. Nh2 f5 16. exf5 Rxf5 17. f3 Qh4 18. Rae1 Raf8 19. Qf2 Qxf2+ 20. Rxf2 Ng5 21. Bxg5 Rxg5 22. Re3 Bc8 23. Kf1 Rgf5 24. Ke2 h5 25. Nf1 h4 26. Nd2 Bb7 27. Ne4 Bxe4 28. dxe4 R5f7 29. b4 c5 30. Ra3 Ra7 31. bxc5 bxc5 32. Ke3 g5 33. Rd2 Rd8 34. Ra5 Raa8 35. c3 Kf7 36. Rda2 Rdb8 37. Rxa6 Rxa6 38. Rxa6 Rb3 39. Kd3 Rb1 40. Kc2 Rg1 41. Rxd6 Rxg2+ 42. Kd3 Rg3 43. Ke3 Rxh3 44. Kf2 Rh2+ 45. Kg1 Rc2 46. Rd3 Kg6 47. Kh1 Kh5 48. Kg1 h3 49. Rd5 Rxc3 50. Rxc5 Rxf3 51. Rxe5 Kh4 52. Rf5 Rc3 53. c5 g4 54. Rf1 Rxc5 55. Rb1 g3 56. e5 h2+ 57. Kh1 Kh3 0-1